<?xml version="1.0" encoding="UTF-8"?>
<collection xmlns:xsi="http://www.w3.org/2001/XMLSchema-instance" xsi:schemaLocation="http://www.loc.gov/MARC21/slim http://www.loc.gov/standards/marcxml/schema/MARC21slim.xsd" xmlns="http://www.loc.gov/MARC21/slim">
 <record>
  <leader>00000cam a22000004a 4500</leader>
  <controlfield tag="001">UP-99796217610555004</controlfield>
  <controlfield tag="003">Buklod</controlfield>
  <controlfield tag="005">20121217155027.0</controlfield>
  <controlfield tag="006">a     r    |||| u|</controlfield>
  <controlfield tag="007">ta</controlfield>
  <controlfield tag="008">121217s2000    xx a    rb   f100 0|eng d</controlfield>
  <datafield tag="020" ind1=" " ind2=" ">
   <subfield code="z">9798368645 (set)</subfield>
  </datafield>
  <datafield tag="035" ind1=" " ind2=" ">
   <subfield code="a">(iLib)UPD-00191511305</subfield>
  </datafield>
  <datafield tag="040" ind1=" " ind2=" ">
   <subfield code="a">DSCI</subfield>
  </datafield>
  <datafield tag="050" ind1="0" ind2="0">
   <subfield code="a">RA 418.3</subfield>
   <subfield code="b">A78 A785 1998</subfield>
  </datafield>
  <datafield tag="111" ind1="2" ind2=" ">
   <subfield code="a">Asia and Pacific Social Science and Medicine Conference</subfield>
   <subfield code="n">(4th</subfield>
   <subfield code="d">1998</subfield>
   <subfield code="c">Yogyakarta, Indonesia)</subfield>
  </datafield>
  <datafield tag="245" ind1="1" ind2="0">
   <subfield code="a">Health, social, science, action &amp; partnership</subfield>
   <subfield code="b">retrospective &amp; prospective discourse, Yogyakarta, Indonesia, 7-11 December 1998 : proceedings</subfield>
   <subfield code="c">the Fourth Asia-Pacific Social Science and Medicine Conference, APSSAM.</subfield>
  </datafield>
  <datafield tag="246" ind1="3" ind2=" ">
   <subfield code="a">Health, social, science, action and partnership</subfield>
  </datafield>
  <datafield tag="264" ind1=" " ind2="1">
   <subfield code="a">Yogyakarta, Indonesia</subfield>
   <subfield code="b">Population Studies Center, Gadjah Mada University</subfield>
   <subfield code="c">2000.</subfield>
  </datafield>
  <datafield tag="300" ind1=" " ind2=" ">
   <subfield code="a">2 v.</subfield>
   <subfield code="b">ill.</subfield>
   <subfield code="c">23 cm.</subfield>
  </datafield>
  <datafield tag="500" ind1=" " ind2=" ">
   <subfield code="a">&quot;Organized by Indonesian Association for Health Social Science in collaboration with Population Studies Center, Gadjah Mada University, Ford Foundation, the Asia Pacific Network of the International Forum for Social Sciences in Health&quot;--Cover.</subfield>
  </datafield>
  <datafield tag="504" ind1=" " ind2=" ">
   <subfield code="a">Includes bibliographical references.</subfield>
  </datafield>
  <datafield tag="650" ind1=" " ind2="0">
   <subfield code="a">Social medicine</subfield>
   <subfield code="z">Asia</subfield>
   <subfield code="v">Congresses.</subfield>
  </datafield>
  <datafield tag="650" ind1=" " ind2="0">
   <subfield code="a">Social medicine</subfield>
   <subfield code="z">Pacific Area</subfield>
   <subfield code="v">Congresses.</subfield>
  </datafield>
  <datafield tag="650" ind1=" " ind2="0">
   <subfield code="a">Public health</subfield>
   <subfield code="z">Asia</subfield>
   <subfield code="v">Congresses.</subfield>
  </datafield>
  <datafield tag="650" ind1=" " ind2="0">
   <subfield code="a">Public health</subfield>
   <subfield code="z">Pacific Area</subfield>
   <subfield code="v">Congresses.</subfield>
  </datafield>
  <datafield tag="710" ind1="2" ind2=" ">
   <subfield code="a">Indonesian Association for Health Social Science.</subfield>
  </datafield>
  <datafield tag="852" ind1="0" ind2=" ">
   <subfield code="a">UPD</subfield>
   <subfield code="b">DIMBB</subfield>
   <subfield code="h">RA 418.3 A78 A785 1998</subfield>
  </datafield>
  <datafield tag="942" ind1=" " ind2=" ">
   <subfield code="a">Book</subfield>
  </datafield>
 </record>
</collection>
